000 01111cam a2200217 4500
001 WB3934-11
008 030909n2003 000 0 eng u
035 _a(Sirsi) u123529
245 _aWater companies press for £21bn maintenance boost
260 _c2003
490 _aNew Civil Engineer
_v 4 September 2003, 10(1)
520 _aDraft scenarios presented by water companies to Ofwat the industry regulator last week outlined plans to spend £21bn on infrastructure between 2005 and 2010. Common themes across the industry include a continuing investment in quality improvements and an emphasis on renewing assets and infrastructure to further concentrate on customer service. Table of water and sewerage companies and their estimated and draft investment between 2000-05 and 2005-10. For the Water UK press release: http://www.water.org.uk/index.php?cat=3-3108
590 _aWB
650 _aOFWAT
650 _aWATER COMPANIES
650 _aCAPITAL INVESTMENT
650 _aWATER UK
650 _aSEWERAGE
690 _aENVIRONMENTAL AND LAND CONSULTANCY-ENVIRONMENTAL MANAGEMENT
942 _n0
999 _c73373
_d73373